000 00646nam a2200229 i 4500
001 C2-0112459
003 PPAK
005 20180727103857.0
008 970702s1982 my a|||| ||||| | may d
040 _aPPAK
_beng
_cPPAK
_erda
082 0 4 _a899.231
_223
090 0 0 _a899.231
_bMAL
_dKIH
245 0 0 _aMalam puisi putra (1982 : Kuala Lumpur]
264 1 _aKuala Lumpur :
_bBank Bumiputra Malaysia Berhad ,
_c1982
300 _a[22 pages] :
_billustrations ;
_c23 cm
336 _2rdacontent
_atext
337 _2rdamedia
_aunmediated
338 _2rdacarrier
_avolume
500 _a[cenderamata]
650 1 0 _aMalay poetry
942 _ddc
_cB
999 _c28285
_d28285